<?xml version="1.0" encoding="UTF-8"?>
<record
    xmlns:xsi="http://www.w3.org/2001/XMLSchema-instance"
    xsi:schemaLocation="http://www.loc.gov/MARC21/slim http://www.loc.gov/standards/marcxml/schema/MARC21slim.xsd"
    xmlns="http://www.loc.gov/MARC21/slim">

  <leader>02783nam a2200241Ia 4500</leader>
  <controlfield tag="003">OSt</controlfield>
  <controlfield tag="005">20250609155245.0</controlfield>
  <controlfield tag="008">210210b2000   xxu||||| |||| 00| 0 eng d</controlfield>
  <datafield tag="020" ind1=" " ind2=" ">
    <subfield code="a">8187321482</subfield>
  </datafield>
  <datafield tag="040" ind1=" " ind2=" ">
    <subfield code="c">AL</subfield>
  </datafield>
  <datafield tag="041" ind1=" " ind2=" ">
    <subfield code="a">Kannada</subfield>
  </datafield>
  <datafield tag="082" ind1=" " ind2=" ">
    <subfield code="a">K894.4 TAYT</subfield>
  </datafield>
  <datafield tag="100" ind1=" " ind2=" ">
    <subfield code="a">TAYLOR (Medows)</subfield>
    <subfield code="d">&#xC9F;&#xCC7;&#xCB2;&#xCB0;&#xCCD; (&#xCAE;&#xCC6;&#xCA1;&#xCCB;&#xCB8;&#xCCD;) </subfield>
    <subfield code="9">213644</subfield>
  </datafield>
  <datafield tag="245" ind1=" " ind2=" ">
    <subfield code="a">Takkanobbana atmacharitre</subfield>
    <subfield code="b">&#xCA0;&#xC95;&#xCCD;&#xC95; &#xCA8;&#xCCA;&#xCAC;&#xCCD;&#xCAC;&#xCA8; &#xC86;&#xCA4;&#xCCD;&#xCAE;&#xC9A;&#xCB0;&#xCBF;&#xCA4;&#xCCD;&#xCB0;&#xCC6;</subfield>
  </datafield>
  <datafield tag="260" ind1=" " ind2=" ">
    <subfield code="a">BengaLUru</subfield>
    <subfield code="b">Ankita Pustaka</subfield>
    <subfield code="c">2000</subfield>
  </datafield>
  <datafield tag="300" ind1=" " ind2=" ">
    <subfield code="a">214</subfield>
  </datafield>
  <datafield tag="520" ind1=" " ind2=" ">
    <subfield code="a">18-19&#xCA8;&#xCC7; &#xCB6;&#xCA4;&#xCAE;&#xCBE;&#xCA8;&#xCA6;&#xCB2;&#xCCD;&#xCB2;&#xCBF; &#xCAD;&#xCBE;&#xCB0;&#xCA4;&#xCA6; &#xCB8;&#xCCD;&#xCA5;&#xCBF;&#xCA4;&#xCBF;-&#xC97;&#xCA4;&#xCBF;&#xC97;&#xCB3; &#xC95;&#xCC1;&#xCB0;&#xCBF;&#xCA4;&#xCC1; &#xCAE;&#xCC6;&#xCA1;&#xCCB;&#xCB8;&#xCCD; &#xC9F;&#xCC7;&#xCB2;&#xCB0;&#xCCD; &#xCA8; &#x2019; &#xC95;&#xCA8;&#xCCD;&#xCAB;&#xCC6;&#xCB7;&#xCA8;&#xCCD;&#xCB8;&#xCCD; &#xC86;&#xCAA;&#xCCD; &#xC8E; &#xCA5;&#xC97;&#xCCD;&#x2019; &#xC95;&#xCC3;&#xCA4;&#xCBF;&#xCAF; &#xC95;&#xCA8;&#xCCD;&#xCA8;&#xCA1;&#xCBE;&#xCA8;&#xCC1;&#xCB5;&#xCBE;&#xCA6;&#xCB5;&#xCA8;&#xCCD;&#xCA8;&#xCC1; &#xCB2;&#xCC7;&#xC96;&#xC95; &#xC8E;&#xCA8;&#xCCD;.&#xCAA;&#xCBF;. &#xCB6;&#xC82;&#xC95;&#xCB0; &#xCA8;&#xCBE;&#xCB0;&#xCBE;&#xCAF;&#xCA3; &#xCB0;&#xCBE;&#xCB5;&#xCCD; &#xCAE;&#xCBE;&#xCA1;&#xCBF;&#xCA6;&#xCCD;&#xCA6;&#xCC1;, 1997-98&#xCB0;&#xCB2;&#xCCD;&#xCB2;&#xCBF; &#xC95;&#xCB0;&#xCCD;&#xCAE;&#xCB5;&#xCC0;&#xCB0; &#xCB5;&#xCBE;&#xCB0;&#xCAA;&#xCA4;&#xCCD;&#xCB0;&#xCBF;&#xC95;&#xCC6;&#xCAF;&#xCB2;&#xCCD;&#xCB2;&#xCBF; &#x2019;&#xCA0;&#xC95;&#xCCD;&#xC95;&#xCA8;&#xCCA;&#xCAC;&#xCCD;&#xCAC;&#xCA8; &#xC86;&#xCA4;&#xCCD;&#xCAE;&#xC9A;&#xCB0;&#xCBF;&#xCA4;&#xCCD;&#xCB0;&#xCC6;&#x2019; &#xCB6;&#xCC0;&#xCB0;&#xCCD;&#xCB7;&#xCBF;&#xC95;&#xCC6;&#xCAF;&#xCA1;&#xCBF; &#xCAA;&#xCCD;&#xCB0;&#xC95;&#xC9F;&#xC97;&#xCCA;&#xC82;&#xCA1;&#xCBF;&#xCA4;&#xCCD;&#xCA4;&#xCC1;.

1707&#xCB0;&#xCB2;&#xCCD;&#xCB2;&#xCBF; &#xCAE;&#xCCA;&#xC97;&#xCB2;&#xCCD; &#xCB8;&#xCBE;&#xCAE;&#xCCD;&#xCB0;&#xCBE;&#xC9F;&#xCB0; &#xCAA;&#xCC8;&#xC95;&#xCBF; &#xC95;&#xCCA;&#xCA8;&#xCC6;&#xCAF;&#xCB5;&#xCA8;&#xCBE;&#xCA6; &#xC94;&#xCB0;&#xC82;&#xC97;&#xC9C;&#xCC7;&#xCAC; &#xCA8;&#xCBF;&#xCA7;&#xCA8;&#xCB0;&#xCBE;&#xCA6; &#xCA8;&#xC82;&#xCA4;&#xCB0; &#xCB8;&#xCC1;&#xCAE;&#xCBE;&#xCB0;&#xCC1; 150 &#xCB5;&#xCB0;&#xCCD;&#xCB7;&#xC97;&#xCB3; &#xC95;&#xCBE;&#xCB2; &#xCAD;&#xCBE;&#xCB0;&#xCA4;&#xCA6;&#xCB2;&#xCCD;&#xCB2;&#xCBF; &#xCB0;&#xCBE;&#xC9C;&#xC95;&#xCC0;&#xCAF; &#xCAE;&#xCC7;&#xCB2;&#xCC1;&#xC97;&#xCC8; &#xCB8;&#xCBE;&#xCA7;&#xCBF;&#xCB8;&#xCB2;&#xCC1; &#xC85;&#xCB8;&#xC82;&#xC96;&#xCCD;&#xCAF; &#xC8F;&#xCB0;&#xCBF;&#xCB3;&#xCBF;&#xCA4;&#xC97;&#xCB3;&#xCC1; &#xCA8;&#xCA1;&#xCC6;&#xCA6;&#xCB5;&#xCC1;. &#xC88; &#xC95;&#xCBE;&#xCA6;&#xC82;&#xCAC;&#xCB0;&#xCBF;&#xCAF;&#xCB2;&#xCCD;&#xCB2;&#xCBF; &#xC9A;&#xCBF;&#xCA4;&#xCCD;&#xCB0;&#xCBF;&#xCA4;&#xCB5;&#xCBE;&#xCA6; &#xCA0;&#xC95;&#xCCD;&#xC95;&#xCB5;&#xCC3;&#xCA4;&#xCCD;&#xCA4;&#xCBF;&#xCAF;&#xCC1; 13&#xCA8;&#xCC7; &#xCB6;&#xCA4;&#xCAE;&#xCBE;&#xCA8;&#xCA6;&#xCBF;&#xC82;&#xCA6;&#xCB2;&#xCC2; &#xC87;&#xCA4;&#xCCD;&#xCA4;&#xCBE;&#xCA6;&#xCB0;&#xCC2; 19&#xCA8;&#xCC7; &#xCB6;&#xCA4;&#xCAE;&#xCBE;&#xCA8;&#xCA6;&#xCB2;&#xCCD;&#xCB2;&#xCBF; &#xCAA;&#xCCD;&#xCB0;&#xCAC;&#xCB2;&#xCB5;&#xCBE;&#xCAF;&#xCBF;&#xCA4;&#xCC1; &#xC8E;&#xC82;&#xCAC;&#xCC1;&#xCA6;&#xCA8;&#xCCD;&#xCA8;&#xCC1; &#xC9A;&#xCBF;&#xCA4;&#xCCD;&#xCB0;&#xCBF;&#xCB8;&#xCC1;&#xCA4;&#xCCD;&#xCA4;&#xCA6;&#xCC6;. &#xCA0;&#xC95;&#xCCD;&#xC95; &#xCB5;&#xCC3;&#xCA4;&#xCCD;&#xCA4;&#xCBF; &#xC95;&#xCCA;&#xCA8;&#xCC6;&#xC97;&#xCBE;&#xCA3;&#xCBF;&#xCB8;&#xCB2;&#xCC1;, &#xCA1;&#xC95;&#xCBE;&#xCAF;&#xCBF;&#xCA4;&#xCB0;&#xCA8;&#xCCD;&#xCA8;&#xCC1; &#xC85;&#xCA1;&#xC97;&#xCBF;&#xCB8;&#xCB2;&#xCC1;, &#xCAC;&#xCCD;&#xCB0;&#xCBF;&#xC9F;&#xCBF;&#xCB7;&#xCCD; &#xCB8;&#xCB0;&#xCCD;&#xC95;&#xCBE;&#xCB0; 1836&#xCB0;&#xCB2;&#xCCD;&#xCB2;&#xCBF; &#xC87;&#xCB2;&#xCBE;&#xC96;&#xCC6;&#xCAF;&#xCA8;&#xCCD;&#xCA8;&#xCC1; &#xCB8;&#xCCD;&#xCA5;&#xCBE;&#xCAA;&#xCBF;&#xCB8;&#xCBF;, &#xCA1;&#xCAC;&#xCCD;&#xCB2;&#xCCD;&#xCAF;&#xCC1;.&#xC8E;&#xC9A;&#xCCD;.&#xCB8;&#xCCD;&#xCB2;&#xCC0;&#xCAE;&#xCA8;&#xCCD; &#xC85;&#xCB5;&#xCB0;&#xCA8;&#xCCD;&#xCA8;&#xCC1; &#xCAE;&#xCC1;&#xC96;&#xCCD;&#xCAF;&#xCB8;&#xCCD;&#xCA5;&#xCB0;&#xCA8;&#xCCD;&#xCA8;&#xCBE;&#xC97;&#xCBF;&#xCB8;&#xCBF;&#xCA4;&#xCCD;&#xCA4;&#xCC1;. &#xC87;&#xCA6;&#xCB0; &#xCAA;&#xCB0;&#xCBF;&#xCA3;&#xCBE;&#xCAE; 1850&#xCB0; &#xCB8;&#xCC1;&#xCAE;&#xCBE;&#xCB0;&#xCBF;&#xC97;&#xCC6; &#xCA0;&#xC95;&#xCCD;&#xC95; &#xCB5;&#xCC3;&#xCA4;&#xCCD;&#xCA4;&#xCBF; &#xCB9;&#xCC6;&#xC9A;&#xCCD;&#xC9A;&#xCC1; &#xC95;&#xCA1;&#xCBF;&#xCAE;&#xCC6; &#xCA8;&#xCBF;&#xCB0;&#xCCD;&#xCA8;&#xCBE;&#xCAE;&#xCB5;&#xCBE;&#xCAF;&#xCBF;&#xCA4;&#xCC1;. &#xCAA;&#xCBF;&#xC82;&#xCA1;&#xCBE;&#xCB0;&#xCBF; &#xCAF;&#xCC1;&#xCA6;&#xCCD;&#xCA7; (&#xCAE;&#xCB0;&#xCBE;&#xCA0; &#xCAF;&#xCC1;&#xCA6;&#xCCD;&#xCA7;) &#xC88; &#xC95;&#xCBE;&#xCA6;&#xC82;&#xCAC;&#xCB0;&#xCBF;&#xCAF;&#xCB2;&#xCCD;&#xCB2;&#xCBF; &#xCB5;&#xCB0;&#xCCD;&#xCA3;&#xCBF;&#xCA4;&#xCB5;&#xCBE;&#xC97;&#xCBF;&#xCA6;&#xCC6;.</subfield>
  </datafield>
  <datafield tag="650" ind1=" " ind2=" ">
    <subfield code="a">Confessions of a Thug </subfield>
    <subfield code="9">213645</subfield>
  </datafield>
  <datafield tag="690" ind1=" " ind2=" ">
    <subfield code="a">Kannada Prose</subfield>
    <subfield code="9">213647</subfield>
  </datafield>
  <datafield tag="700" ind1=" " ind2=" ">
    <subfield code="a">N P Shankaranarayana Rao</subfield>
    <subfield code="d">&#xC8E;&#xCA8;&#xCCD;.&#xCAA;&#xCBF;. &#xCB6;&#xC82;&#xC95;&#xCB0;&#xCA8;&#xCBE;&#xCB0;&#xCBE;&#xCAF;&#xCA3; &#xCB0;&#xCBE;&#xCB5;&#xCCD; tr</subfield>
    <subfield code="9">213648</subfield>
  </datafield>
  <datafield tag="906" ind1=" " ind2=" ">
    <subfield code="a">066394</subfield>
  </datafield>
  <datafield tag="942" ind1=" " ind2=" ">
    <subfield code="2">ddc</subfield>
    <subfield code="c">BK</subfield>
  </datafield>
  <datafield tag="999" ind1=" " ind2=" ">
    <subfield code="c">89752</subfield>
    <subfield code="d">89752</subfield>
  </datafield>
  <datafield tag="952" ind1=" " ind2=" ">
    <subfield code="0">0</subfield>
    <subfield code="1">0</subfield>
    <subfield code="2">ddc</subfield>
    <subfield code="4">0</subfield>
    <subfield code="7">0</subfield>
    <subfield code="8">KAN</subfield>
    <subfield code="a">AL</subfield>
    <subfield code="b">AL</subfield>
    <subfield code="c">Kannada Literature</subfield>
    <subfield code="d">2021-02-17</subfield>
    <subfield code="e">Athree Book Centre Balmatta, Mangalore-01</subfield>
    <subfield code="g">90.00</subfield>
    <subfield code="l">0</subfield>
    <subfield code="o">K894.4 TAYT</subfield>
    <subfield code="p">066394</subfield>
    <subfield code="r">2021-02-17 00:00:00</subfield>
    <subfield code="w">2021-02-17</subfield>
    <subfield code="y">BK</subfield>
  </datafield>
</record>
